00953nam a2200301 a 4500003000900000005001700009008004100026020001800067040001300085700002300098100001400121245006100135260005800196300001700254490004300271500006100314650002500375650002300400650002100423650001500444650002900459650003200488650002800520650002600548650002300574655001500597700003900612AR-BaBNM20251128204148.0082120s2002 ||||||||||||||000 | spa|| a950-25-2683-x cAR-BaBNM1 aMitre, Bartolomé d1821-190600aHistoria de San Martín y de la independencia americana aBuenos AiresbCentro Editor de América Latinac1993 aviii, 160 p. 0aBiblioteca básica Argentina. Serie C aSelección, prólogo y notas de Margarita B. Pontieri. 4aLITERATURA ARGENTINA 4aHISTORIA ARGENTINA 4aSIGLO DIECINUEVE 4aANTOLOGIAS 4aHISTORIOGRAFIA ARGENTINA 4aGUERRAS DE LA INDEPENDENCIA 4aCAMPAÑAS LIBERTADORAS 4aINDEPENDENCIA PERUANA 4aGENERACION DE 1880 aLITERATURA1 aPontieri, Margarita B.ecompilador